| 000 | 00893cam a2200277 a 4500 | ||
|---|---|---|---|
| 005 | 20260322212050.0 | ||
| 008 | data | ||
| 010 | _a 97040798 | ||
| 020 | _a087779622X | ||
| 020 | _a9780877796220 | ||
| 040 |
_aDLC _cDLC _dDLC |
||
| 050 | 0 | 0 |
_aPN147 _b.M49 1998 |
| 082 | 0 | 0 |
_a808/.027 _221 |
| 092 | _a808 M49 1998 | ||
| 245 | 1 | 0 |
_aMerriam-Webster's manual for writers and editors. _cMerriam-Webster, Inc. |
| 246 | 3 | 0 | _aManual for writers and editors |
| 250 | _aCompletely rev. [ed.]. | ||
| 260 |
_aSpringfield, Mass. : _bMerriam-Webster, _c1998. |
||
| 300 |
_axiii, 424 p. ; _c24 cm. |
||
| 500 | _aRev. ed. of: Webster's standard American style manual. 1985. | ||
| 504 | _aIncludes bibliographical references (p. [383]-391) and index. | ||
| 650 | 0 |
_aAuthorship _xStyle manuals. |
|
| 720 | 2 | _aMerriam-Webster, Inc. | |
| 730 | 0 | _aWebster's standard American style manual. | |
| 001 | data | ||
| 999 |
_c1180 _d1180 |
||